• 首页
  • 本馆介绍
  • 公告通知
  • 最新文献
  • 馆藏检索
  • 电子资源
  • 读者导购
  • 参考咨询
  • 我的图书馆
  • 登录
  • 详细信息显示
  • 放入我的书架
  • 预约/预借图书
  • 作者相关作品
  • 分类相关作品
  • 丛书相关作品
  • 出版社相关作品

书目信息

  • 表格格式
  • 工作单格式
  • 卡片格式
题名:
王朝风云之南宋王朝
    
 
作者: 李楠 编著
分册:  
出版信息: 北京   中国文史出版社  2021
页数: 342页
开本: 24cm
丛书名: 王朝风云
单 册:
中图分类: K245.09
科图分类:
主题词: 中国历史--zhong guo li shi--南宋--通俗读物
电子资源:
ISBN: 978-7-5205-2271-7
000 01104oam2 2200253 450
001 2153143817
005 20211018173724.0
010    @a978-7-5205-2271-7@dCNY66.00
100    @a20210304d2021 em y0chiy0120 ea
101 0  @achi
102    @aCN@b110000
105    @ay z 000yy
106    @ar
200 1  @a王朝风云之南宋王朝@Awang chao feng yun zhi nan song wang chao@f李楠编著
210    @a北京@c中国文史出版社@d2021
215    @a342页@d24cm
225 2  @a王朝风云@Awang chao feng yun@v11
330    @a本书介绍了从1127年赵构重建宋室, 到1276年为元朝所灭, 南宋偏安江南150年。 随着宋王室的南迁, 南方的经济得到了进一步发展, 科技突飞猛进。 宋儒理学经过推陈出新, 发展成为中国古代思想史上新的高峰。 由于南宋与金朝、元朝长期对峙, 时战时和, 社会动荡条件下造就大批英雄, 如宗泽、岳飞、韩世忠、文天祥等, 以及大批极负盛名诗人、词人, 如辛弃疾、陆游、李清照等, 他们的事迹被千古传唱。
461  0 @12001 @a王朝风云
606 0  @a中国历史@Azhong guo li shi@z南宋@j通俗读物
690    @aK245.09@v5
701  0 @a李楠@Ali nan@4编著
801  0 @aCN@b百万庄@c20211018
905    @b1311192-95@dK245.09@e8@f4
    
    王朝风云之南宋王朝/李楠编著.-北京:中国文史出版社,2021
    342页;24cm.-(王朝风云;11)
    
    
    ISBN 978-7-5205-2271-7:CNY66.00
    本书介绍了从1127年赵构重建宋室, 到1276年为元朝所灭, 南宋偏安江南150年。 随着宋王室的南迁, 南方的经济得到了进一步发展, 科技突飞猛进。 宋儒理学经过推陈出新, 发展成为中国古代思想史上新的高峰。 由于南宋与金朝、元朝长期对峙, 时战时和, 社会动荡条件下造就大批英雄, 如宗泽、岳飞、韩世忠、文天祥等, 以及大批极负盛名诗人、词人, 如辛弃疾、陆游、李清照等, 他们的事迹被千古传唱。
●
相关链接 在E读中查询图书 在五车中查询图书 在当当中查询图书 在豆瓣中查询图书


正题名:王朝风云之南宋王朝     索取号:K245.09/8         预约/预借

序号 登录号 条形码 馆藏地/架位号 状态 备注
1 1311192   213111924   第二样本阅览室/ [索取号:K245.09/8] 在馆    
2 1311193   213111933   第二借阅区/ [索取号:K245.09/8] 在馆    
3 1311194   213111942   第二借阅区/ [索取号:K245.09/8] 在馆    
4 1311195   213111951   第二借阅区/ [索取号:K245.09/8] 在馆    
唐山师范学院图书馆 欢迎您!
大连网信软件有限公司© 版权所有